LEADER 01083nam0 22003013i 450 001 USM1562760 005 20231121125916.0 010 $a0444827943 100 $a20141021d1999 ||||0itac50 ba 101 | $aeng 102 $anl 181 1$6z01$ai $bxxxe 182 1$6z01$an 200 1 $aThermophysical properties of materials$fGoran Grimvall 205 $aEnlarged and revised edition 210 $aNorth-Holland$aElsevier$cAmsterdam [etc.]$d1999 215 $axx, 424 p.$d23 cm. 606 $aMateriali$xProprietà termiche$2FIR$3RMLC401040$9I 676 $a620.1121$9$v21 700 1$aGrimvall$b, Goran$3RMSV002699$4070$047395 801 3$aIT$bIT-01$c20141021 850 $aIT-FR0099 899 $aBiblioteca Area Ingegneristica$bFR0099 912 $aUSM1562760 950 0$aBiblioteca Area Ingegneristica$d 54DMS 620.1 GRI$e 54VM 0000122055 VM barcode:ING630M. - Inventario:630m. - Fondo:CONVM$fA $h20021210$i20121204 977 $a 54 996 $aThermophysical properties of materials$9880148 997 $aUNICAS